| 000 | 00593nam a22001577a 4500 | ||
|---|---|---|---|
| 008 | 170719b xxu||||| |||| 00| 0 eng d | ||
| 020 | _a9789988633738 | ||
| 100 | _aHiale, Wassie. | ||
| 245 |
_aPotential of local plants as a source of NPK on small holder fields in southern Ethiopia. / _cWassie Haile |
||
| 250 | _aNo.4 | ||
| 260 |
_aGhana: _bINU-INRA, _c2013. |
||
| 300 |
_aix,49p.: _bills.; _c24 cm. |
||
| 500 | _aIncludes references and appendices. | ||
| 505 | _aContents: Background and rationale -- Materials and methods -- Discussion -- Conclusion -- Recommendations. | ||
| 942 |
_2lcc _cBK |
||
| 999 |
_c6439 _d13939 |
||